Paroles "Notre paradis" - Vaiana 2 (Disney) - Statistiques

Statistiques générales
  • Ce quiz a été pris 20 fois
  • Le résultat moyen est 214 sur 280
Statistiques - réponses
Chanteur Paroles % Correct
Je
100%
je
100%
la
100%
Vaiana & Village La
100%
à
90%
a
90%
ca
90%
De
90%
de
90%
en
90%
est
90%
et
90%
Enfants Et
90%
Vaiana | Village Le
90%
le
90%
ma
90%
Kele Moi
90%
moi
90%
notre
90%
Notre
90%
nous
90%
Nous
90%
paradis
90%
pour
90%
qui
90%
vie
90%
ami
80%
ancêtres
80%
Approchez
80%
aussi
80%
cadeau
80%
chantez ?
80%
choisi
80%
dans
80%
Tous Dans
80%
demi
80%
dieu
80%
du
80%
d'un
80%
d'une
80%
elle
80%
Chef & Village | Enfants Elle
80%
Vaiana | Village Enfin
80%
enfin
80%
exploratrice
80%
faut
80%
fiers
80%
hors
80%
ils
80%
J'ai
80%
j'ai
80%
j'attends
80%
les
80%
Les
80%
L'histoire
80%
l'horizon
80%
maison
80%
Maui
80%
mon
80%
on
80%
pair
80%
Village Parce
80%
plus
80%
Kele Pourquoi
80%
Que
80%
que
80%
raconter
80%
retour
80%
retraite
80%
Sa
80%
sais
80%
se
80%
suis
80%
toujours
80%
un
80%
va
80%
vais
80%
village
80%
vivante
80%
voilà
80%
vous
80%
affranchis
70%
airs
70%
amie
70%
arrive
70%
arrivé
70%
avons
70%
bateau
70%
Moni Bienvenue
70%
C'est
70%
c'est
70%
chanter
70%
course
70%
devienne
70%
d'explorateur
70%
Ensemble
70%
envie
70%
faire
70%
fini
70%
franchi
70%
Loto Inspectons
70%
l'amie
70%
légende
70%
l'espoir
70%
l'honneur
70%
meilleure
70%
mer
70%
n'a
70%
n'ai
70%
obligé
70%
Oh
70%
ont
70%
Vaiana Papa
70%
pas
70%
passé
70%
premier
70%
prospère
70%
qu'il
70%
quitte
70%
qu'une
70%
récif
70%
repart
70%
repris
70%
revient
70%
sauvé
70%
seraient
70%
seule
70%
S'il
70%
sont
70%
terre
70%
Une
70%
Vaiana
70%
vent
70%
vole
70%
vrai
70%
zero
70%
agrandies
60%
choisie
60%
Village Choisie
60%
des
60%
d'histoires
60%
épanoui
60%
famille
60%
familles
60%
flots
60%
l'île
60%
nouveau
60%
nuages
60%
Enfant Ouais
60%
peuple
60%
Vaiana Revenir
60%
revoir
60%
riche
60%
sommes
60%
sur
60%
utopie
60%
amis
50%
autant
50%
chasser
50%
devenus
50%
étoiles
50%
explorés
50%
frais
50%
guidée
50%
harmonie
50%
héros
50%
mes
50%
m'ont
50%
Chef Monter
50%
nombreux
50%
nuit
50%
regardez
50%
Retrouver
50%
rien
50%
rivages
50%
toit
50%
tous
50%
traite
50%
avenir
40%
l'avenir
40%
Motunui
30%
Moni Salut !
30%
brumer
0%
Aucun quiz correspondant
Distribution des résultats
% des personnes avec chaque résultat
Percentile par nombre de réponses
Votre historique - résultats
Vous n’avez pas pris ce quiz